000 004560000a22001810004500
003 LK-CoMWRAF
005 20230926105032.0
008 230817t ||||| |||| 00| 0 eng d
040 _aLK-CoMWRAF
_dLK-CoMWRAF
_eLK-CoMWRAF
041 _aeng
082 _a297
_bQUT
100 _aQutb, Sayyid
245 _aThis religion of Islam :
_b(Hadha 'd-din)
260 _aDelhi :
_bMarkazi maktaba Islami,
_c1974
300 _a94p
650 _aIslam
942 _cBK
999 _c2289
_d2289